00314nam a22001457a 4500003000400000020001800004082001900022100001700041245003000058250000800088260003400096300000800130650001300138700001700151OSt a9789382036609 a657.45bSHW/AU aShweta Varma aFundamentals of Auditing  a1st aNew DelhibBlack Printsc2012 a131 aAuditing aShweta Varma